Expresión plástica: técnica y juegos

Na minha lista:
Detalhes bibliográficos
Autor principal: Berdugo, Francis (Author)
Formato: Livro
Idioma:espanhol
Publicado em: Madrid Alhambra 1988
Colecção:Innovaciones pedagógicas. Enseñanza General Básica
Assuntos:
Tags: Adicionar Tag
Sem tags, seja o primeiro a adicionar uma tag!

MARC

LEADER 00000nam a2200000 a 4500
001 UCW5697
003 CL-VaPUC
008 910729e19880000SP |||||||||||||||||spa|d
082 0 4 |a 372.52  |b BER  |2 21 
100 0 |a Berdugo, Francis  |e author  |9 310681 
245 1 0 |a Expresión plástica: técnica y juegos 
300 |a 85 p 
942 |c BK 
945 |d 19910729 00:00:00 
260 |a Madrid  |b Alhambra  |c 1988 
650 0 |a Arte infantil   |9 265265 
650 0 |a Pintura  |9 265046 
650 0 |a Técnica  |9 310682 
650 0 |a Enseñanza  |9 256457 
583 |a last modification  |c 19910729 00:00:00  |k Rodrigo Vera 
490 0 |a Innovaciones pedagógicas. Enseñanza General Básica 
999 |c 219040  |d 219038 
952 |0 0  |1 0  |4 0  |6 372_520000000000000_BER_1988  |7 0  |8 A  |9 209487  |a BIBEDU  |b BIBEDU  |d 2019-11-15  |i 2773686  |o 372.52 BER 1988  |p 2773686  |r 2019-11-15  |w 2019-11-15  |y BK  |k EDU